| 000 | 00669nam a2200229 a 4500 | ||
|---|---|---|---|
| 003 | MX-MxUPN | ||
| 005 | 20240925070120.0 | ||
| 008 | 240130s1972 mx |||||r|||| 000 0 spa d | ||
| 040 |
_aMX-MxUPN _bspa _cMX-MxUPN |
||
| 041 | 0 | _aspa | |
| 050 | 1 | 4 |
_aHM101 _bS25 1972 |
| 100 | 1 |
_aSalcedo Camarena, Armando _951093 |
|
| 245 | 1 | 3 | _aEl fenómeno del cambio y los valores del hombre |
| 250 | _aSegunda edición. | ||
| 260 |
_aMéxico, D.F. : _bCentro de Estudios de la Juventud, _c1972 |
||
| 300 | _a55 páginas | ||
| 650 | 4 |
_aCambio social _94887 |
|
| 650 | 4 |
_aValores _9308 |
|
| 902 |
_aGCH300124 _bVíctor Ruiz/190224 |
||
| 942 |
_2lcc _cFOLL |
||
| 999 |
_c210889 _d210889 |
||